000 00682nam a2200181Ia 4500
008 090124s9999 xx 000 0 und d
082 _b25984
_a1546
100 _aकाळे व.पु. (वसंत पुरुषोत्तम)
245 _a फॅण्टसी एक प्रेयसी
250 _a1
260 _c1989
300 _a88
600 _aकाळे व.पु. (वसंत पुरुषोत्तम)
630 _a फॅण्टसी एक प्रेयसी
700 _aकाळे व.पु. (वसंत पुरुषोत्तम)
730 _a फॅण्टसी एक प्रेयसी
942 _cBOOK
999 _c139469
_d139469